| 000 | 01210aas a2200205 i 4500 | ||
|---|---|---|---|
| 001 | 768714001 | ||
| 003 | CO-MdFUSB | ||
| 005 | 20240424145327.0 | ||
| 008 | 200316b ||||| |||| 00| 0 spa d | ||
| 040 |
_cCO-MdFUSB _dCO-MdFUSB _bspa |
||
| 041 | _aspa | ||
| 100 | 1 |
_aHoff, Pablo (Paul) _eautor |
|
| 245 | 3 |
_aLa fuerza apremiante en Jesús _c/ Pablo Hoff |
|
| 300 |
_aVolumen 21, número 4 (julio - septiembre, 2004), página: 18 - 23 _c; 27 cm |
||
| 520 | _aJesús poseía una fuerza interior que lo impulsaba cada día. Esta fuerza era el amor del Padre por una humanidad extraviada. La sumisión absoluta de Jesús Padre posibilitaba la manifestación de este amor. Por la fuerza de este amor hizo a un lado sus propios recursos, sometiéndose a las más crueles manifestaciones de sufrimiento. Esta fuerza interior también permitió que Jesucristo perseverara en su comedio, hasta la muerte. | ||
| 650 | 0 |
_951 _aVida espiritual |
|
| 773 | 0 |
_tApuntes Pastorales _049442 _960142 _gVolumen 21, número 4 (julio - septiembre, 2004), página: 18 - 23 _qpágina: 18 |
|
| 773 | 0 |
_tApuntes Pastorales _049442 _960188 _gVolumen 21, número 4 (julio - septiembre, 2004), página: 18 - 23 _qpágina: 18 |
|
| 942 | _cANA | ||
| 999 |
_c60479 _d60479 |
||